[Event "HUN-chT2 Charousek 0405"]
[Site "Hungary"]
[Date "2004.11.21"]
[Round "3"]
[White "Biro, David"]
[Black "Olah, Zsigmond"]
[Result "1-0"]
[WhiteElo "2158"]
[BlackElo "2156"]
[PlyCount "60"]
[EventDate "2004.09.26"]
[EventType "team"]
[EventRounds "11"]
[EventCountry "HUN"]
[SourceTitle "EXT 2008"]
[Source "ChessBase"]
[SourceDate "2007.11.25"]
[SourceVersion "1"]
[SourceVersionDate "2007.11.25"]
[SourceQuality "1"]
[WhiteTeam "Husi"]
[BlackTeam "Szenna Pack"]
[WhiteTeamCountry "HUN"]
[BlackTeamCountry "HUN"]

1. d4 Nf6 2. c4 g6 3. f3 Bg7 4. e4 0-0 5. Nc3 c6 6. Be3 d5 7. e5 Ne8 8. cxd5 cxd5 9. Bd3 Nc6 10. Nge2 Nc7 11. h4 f6 12. f4 Bg4 13. Qd2 Ne6 14. Bc2 Nb4 15. Bb1 Nc6 16. h5 f5 17. Rh4 gxh5 18. Ng3 Qe8 19. Rxg4 hxg4 20. Bxf5 Rxf5 21. Nxf5 Qh5 22. Ng3 Qh2 23. Kf2 Ng5 24. fxg5 Rf8+ 25. Bf4 Qh4 26. Kg1 e6 27. Nce2 Ne7 28. Rc1 Ng6 29. Be3 Rf3 30. Bf2 Bf8 1-0

[Event "HUN-chT2 Charousek 0304"]
[Site "Hungary"]
[Date "2004.01.25"]
[Round "6"]
[White "Olah, Zsigmond"]
[Black "Berta, Tibor"]
[Result "1-0"]
[WhiteElo "2225"]
[BlackElo "2166"]
[PlyCount "67"]
[EventDate "2003.09.28"]
[EventType "team"]
[EventRounds "11"]
[EventCountry "HUN"]
[SourceTitle "EXT 2005"]
[Source "ChessBase"]
[SourceDate "2004.11.15"]
[SourceVersion "1"]
[SourceVersionDate "2004.11.15"]
[SourceQuality "1"]

1. Nf3 Nf6 2. g3 b6 3. Bg2 Bb7 4. 0-0 e6 5. c4 Be7 6. d4 0-0 7. Nc3 Ne4 8. d5 Nxc3 9. bxc3 Bf6 10. Nd4 e5 11. Nb5 d6 12. f4 Nd7 13. e4 a6 14. Na3 exf4 15. gxf4 Bxc3 16. Be3 Qe7 17. Rb1 Rae8 18. Rb3 Bf6 19. Nc2 g6 20. f5 Ne5 21. Bh6 Nxc4 22. Rh3 Bc8 23. Nd4 Bd7 24. Kh1 b5 25. Ne2 c5 26. Nf4 Ne5 27. Nh5 Kh8 28. Bg7+ Bxg7 29. f6 Bxf6 30. Nxf6 Bxh3 31. Bxh3 Rd8 32. Qc1 Nd7 33. Bxd7 Rxd7 34. Qh6 1-0

[Event "HUN-chT2 Charousek 0304"]
[Site "Hungary"]
[Date "2003.11.30"]
[Round "4"]
[White "Olah, Zsigmond"]
[Black "Gara, Ticia"]
[Result "1/2-1/2"]
[WhiteElo "2225"]
[BlackElo "2249"]
[PlyCount "89"]
[EventDate "2003.09.28"]
[EventType "team"]
[EventRounds "11"]
[EventCountry "HUN"]
[SourceTitle "EXT 2005"]
[Source "ChessBase"]
[SourceDate "2004.11.15"]
[SourceVersion "1"]
[SourceVersionDate "2004.11.15"]
[SourceQuality "1"]

1. Nf3 Nf6 2. g3 g6 3. Bg2 Bg7 4. 0-0 0-0 5. d4 d5 6. b3 c5 7. dxc5 Ne4 8. c3 Nxc5 9. Be3 Ne4 10. Bd4 f6 11. Nfd2 Nxd2 12. Qxd2 Na6 13. Rd1 Nc7 14. Be3 Be6 15. Bf4 Bf7 16. Bxc7 Qxc7 17. Bxd5 Rad8 18. Bxf7+ Kxf7 19. Qc1 Rxd1+ 20. Qxd1 Rd8 21. Qc1 f5 22. a4 Qd6 23. Na3 Qd2 24. Nb5 Qxe2 25. Qf4 Be5 26. Qh6 Kg8 27. Qh4 Rd2 28. Rf1 Bf6 29. Qf4 e5 30. Qb4 a6 31. Nc7 Qe4 32. Qb6 Qc6 33. Qxc6 bxc6 34. Nxa6 Re2 35. Nc5 Be7 36. b4 Bxc5 37. bxc5 Ra2 38. Rb1 Rxa4 39. Rb6 Rc4 40. Rxc6 Rxc3 41. Rc7 e4 42. Kf1 Rc2 43. c6 Kf8 44. h4 Ke8 45. Ke1 1/2-1/2

[Event "Budapest FS08 FM-A"]
[Site "Budapest"]
[Date "2003.08.14"]
[Round "13"]
[White "Eisenbeiser, Karlheinz"]
[Black "Olah, Zsigmond"]
[Result "0-1"]
[WhiteElo "2109"]
[BlackElo "2225"]
[PlyCount "98"]
[EventDate "2003.08.02"]
[EventType "tourn"]
[EventRounds "13"]
[EventCountry "HUN"]
[SourceTitle "CBM 095 Extra"]
[Source "ChessBase"]
[SourceDate "2003.09.04"]
[SourceVersion "1"]
[SourceVersionDate "2003.09.04"]
[SourceQuality "1"]

1. e4 g6 2. d4 Bg7 3. Nc3 d6 4. Nge2 c6 5. a4 Nf6 6. g3 0-0 7. Bg2 Nbd7 8. h3 e5 9. Be3 Qe7 10. 0-0 exd4 11. Bxd4 Nc5 12. Nf4 Ne6 13. Nxe6 Bxe6 14. f4 Rad8 15. Bxa7 c5 16. Bb6 Rd7 17. Re1 Nh5 18. Nd5 Bxd5 19. exd5 Qf6 20. Qg4 Qd4+ 21. Kh2 f5 22. Qe2 Qxb2 23. Rab1 Qa3 24. Rb3 Qxa4 25. Qe6+ Rff7 26. Qe8+ Bf8 27. Rbe3 Qxc2 28. Qc8 Nf6 29. R1e2 Qd1 30. Bd8 Ne4 31. Bg5 Kg7 32. Bxe4 fxe4 33. Rxe4 h6 34. Bh4 g5 35. fxg5 Rf1 36. Qxd7+ Kh8 37. g4 Rh1+ 38. Kg3 Qf1 39. Rg2 Qd3+ 40. Kf4 hxg5+ 41. Kxg5 Qxe4 42. Rf2 Be7+ 43. Rf6 Kg7 44. Kh5 Qh7+ 45. Kg5 Qg6+ 46. Kf4 Rf1+ 47. Ke3 Rxf6 48. Qxe7+ Rf7 49. Qd8 c4 0-1

[Event "Budapest FS08 FM-A"]
[Site "Budapest"]
[Date "2003.08.13"]
[Round "12"]
[White "Olah, Zsigmond"]
[Black "Koczo, Kristof"]
[Result "1/2-1/2"]
[WhiteElo "2225"]
[BlackElo "2119"]
[PlyCount "68"]
[EventDate "2003.08.02"]
[EventType "tourn"]
[EventRounds "13"]
[EventCountry "HUN"]
[SourceTitle "CBM 095 Extra"]
[Source "ChessBase"]
[SourceDate "2003.09.04"]
[SourceVersion "1"]
[SourceVersionDate "2003.09.04"]
[SourceQuality "1"]

1. Nf3 d5 2. c4 c6 3. b3 Nf6 4. g3 Bg4 5. Bg2 Bxf3 6. Bxf3 dxc4 7. bxc4 Qd4 8. 0-0 Qxc4 9. Na3 Qe6 10. d4 g6 11. Rb1 Qd7 12. Qb3 b6 13. Nc4 e6 14. Bf4 Nd5 15. Ne5 Qb7 16. Rfc1 Bg7 17. Qa3 Qe7 18. Qa4 0-0 19. Nxc6 Nxc6 20. Rxc6 Nxf4 21. gxf4 Qd7 22. e3 Rac8 23. Rbc1 Rxc6 24. Rxc6 Rc8 25. Rxc8+ Qxc8 26. Qxa7 b5 27. Qa5 Qc4 28. Qa8+ Bf8 29. d5 exd5 30. Bxd5 Qa4 31. Qb7 Qd1+ 32. Kg2 Qg4+ 33. Kf1 Qd1+ 34. Kg2 Qg4+ 1/2-1/2

[Event "Budapest FS08 FM-A"]
[Site "Budapest"]
[Date "2003.08.05"]
[Round "4"]
[White "Olah, Zsigmond"]
[Black "Pg, Mohd Omar Ak Hira"]
[Result "1/2-1/2"]
[WhiteElo "2225"]
[BlackElo "2152"]
[PlyCount "89"]
[EventDate "2003.08.02"]
[EventType "tourn"]
[EventRounds "13"]
[EventCountry "HUN"]
[SourceTitle "CBM 095 Extra"]
[Source "ChessBase"]
[SourceDate "2003.09.04"]
[SourceVersion "1"]
[SourceVersionDate "2003.09.04"]
[SourceQuality "1"]

1. Nf3 Nf6 2. g3 g6 3. Bg2 Bg7 4. 0-0 0-0 5. c4 c6 6. d4 d5 7. Nc3 dxc4 8. a4 Bf5 9. Ne5 Ng4 10. e4 Nxe5 11. exf5 Nd3 12. fxg6 hxg6 13. Be3 Bxd4 14. Bxd4 Qxd4 15. Qe2 Nd7 16. Qxe7 Rfe8 17. Qa3 N7c5 18. a5 a6 19. Rad1 Nb3 20. Bf3 Re5 21. Be2 Rxa5 22. Qe7 Rb8 23. Bxd3 cxd3 24. Rfe1 d2 25. Re4 Qc5 26. Qc7 Rf8 27. Qxb7 Nd4 28. Kg2 Nb5 29. Rxd2 Nxc3 30. bxc3 Qxc3 31. Rde2 Ra1 32. Qe7 Rd1 33. h4 Rd5 34. R2e3 Qc5 35. Qb7 a5 36. g4 Rd4 37. Rxd4 Qxd4 38. Qxc6 Qxg4+ 39. Rg3 Qxh4 40. Qd5 Kg7 41. Qxa5 Rh8 42. Qe5+ Kg8 43. Qe8+ Kg7 44. Qe5+ Kg8 45. Qe8+ 1/2-1/2

[Event "Budapest FS08 FM-A"]
[Site "Budapest"]
[Date "2003.08.02"]
[Round "1"]
[White "Vargyas, Zoltan"]
[Black "Olah, Zsigmond"]
[Result "1/2-1/2"]
[WhiteElo "2097"]
[BlackElo "2225"]
[PlyCount "34"]
[EventDate "2003.08.02"]
[EventType "tourn"]
[EventRounds "13"]
[EventCountry "HUN"]
[SourceTitle "CBM 095 Extra"]
[Source "ChessBase"]
[SourceDate "2003.09.04"]
[SourceVersion "1"]
[SourceVersionDate "2003.09.04"]
[SourceQuality "1"]

1. d4 d5 2. c4 c6 3. Nc3 Nf6 4. Nf3 e6 5. Bg5 Be7 6. e3 0-0 7. Bd3 a6 8. cxd5 cxd5 9. 0-0 Nc6 10. a3 b5 11. Qc2 h6 12. Bxf6 Bxf6 13. Nxb5 Nxd4 14. Nfxd4 axb5 15. Qc6 Bd7 16. Qc2 Qe7 17. Rfc1 b4 1/2-1/2

[Event "HUN-chT2 Charousek 0203"]
[Site "Hungary"]
[Date "2002.12.08"]
[Round "4.9"]
[White "Olah, Zsigmond"]
[Black "Kovacs, David1111"]
[Result "1-0"]
[WhiteElo "2207"]
[BlackElo "2041"]
[PlyCount "57"]
[EventDate "2002.09.22"]
[EventType "team"]
[EventRounds "11"]
[EventCountry "HUN"]
[SourceTitle "EXT 2004"]
[Source "ChessBase"]
[SourceDate "2003.11.25"]
[SourceVersion "1"]
[SourceVersionDate "2003.11.25"]
[SourceQuality "1"]
[WhiteTeam "Szenna Pack"]
[BlackTeam "Geniusz Tata"]
[WhiteTeamCountry "HUN"]
[BlackTeamCountry "HUN"]

1. e4 c5 2. Nf3 Nc6 3. g3 d6 4. Bg2 Nf6 5. Nc3 g6 6. 0-0 Bg7 7. d3 0-0 8. h3 Rb8 9. a4 a6 10. Nd5 b5 11. axb5 axb5 12. Nxf6+ Bxf6 13. Bh6 Re8 14. c3 e5 15. Qc2 Be6 16. Ra6 Ra8 17. Rxc6 Qd7 18. d4 Bc4 19. d5 Bxf1 20. Bxf1 Ra1 21. Kg2 Rxf1 22. Kxf1 Qxh3+ 23. Ke2 Qxh6 24. Rxd6 Bd8 25. Qb3 b4 26. cxb4 cxb4 27. Rd7 Qh3 28. Rb7 Be7 29. d6 1-0

[Event "Tapolca Evadnyito op"]
[Site "Budapest"]
[Date "2002.01.12"]
[Round "9"]
[White "Orso, Janos"]
[Black "Olah, Zsigmond"]
[Result "0-1"]
[WhiteElo "2303"]
[BlackElo "2200"]
[PlyCount "62"]
[EventDate "2002.01.04"]
[EventType "swiss"]
[EventRounds "9"]
[EventCountry "HUN"]
[SourceTitle "EXT 2004"]
[Source "ChessBase"]
[SourceDate "2003.11.25"]
[SourceVersion "1"]
[SourceVersionDate "2003.11.25"]
[SourceQuality "1"]

1. d4 Nf6 2. c4 g6 3. Nc3 Bg7 4. e4 0-0 5. f3 c6 6. Be3 d5 7. e5 Ne8 8. f4 f6 9. Nf3 Nc7 10. Qb3 b6 11. Be2 Be6 12. 0-0 Nd7 13. Rac1 Rf7 14. Rfd1 Nf8 15. Qa4 dxc4 16. Qxc6 Nd5 17. Nxd5 Bxd5 18. Qa4 a6 19. Qb4 b5 20. a4 Rb8 21. Rd2 e6 22. Bf2 fxe5 23. Bh4 Qb6 24. a5 Qa7 25. Nxe5 Rxf4 26. Be7 Bxe5 27. Bc5 Qg7 28. dxe5 Qxe5 29. Bd6 Qe3+ 30. Kh1 Bxg2+ 31. Kxg2 Rf2+ 0-1

[Event "Tapolca Evadnyito op"]
[Site "Budapest"]
[Date "2002.01.11"]
[Round "8"]
[White "Olah, Zsigmond"]
[Black "Csom, Etelka"]
[Result "1-0"]
[WhiteElo "2200"]
[BlackElo "2134"]
[PlyCount "63"]
[EventDate "2002.01.04"]
[EventType "swiss"]
[EventRounds "9"]
[EventCountry "HUN"]
[SourceTitle "EXT 2004"]
[Source "ChessBase"]
[SourceDate "2003.11.25"]
[SourceVersion "1"]
[SourceVersionDate "2003.11.25"]
[SourceQuality "1"]

1. e4 e5 2. Nf3 Nc6 3. Bb5 Nf6 4. 0-0 Bc5 5. c3 0-0 6. d4 Bb6 7. Bg5 h6 8. Bh4 d6 9. h3 Bd7 10. a4 a6 11. Bxc6 Bxc6 12. Nbd2 exd4 13. cxd4 Re8 14. Qc2 g5 15. d5 Bd7 16. Nxg5 hxg5 17. Bxg5 Re5 18. Nf3 Rxg5 19. Nxg5 Nxd5 20. Nxf7 Kxf7 21. exd5 Qh4 22. Ra3 Rg8 23. Re1 Rg6 24. a5 Bc5 25. b4 Bxb4 26. Qxc7 Bxe1 27. Qxd7+ Kf8 28. Rf3+ Rf6 29. Qxd6+ Kg7 30. Qe7+ Kg6 31. Rxf6+ Qxf6 32. Qxe1 1-0

[Event "Tapolca Evadnyito op"]
[Site "Budapest"]
[Date "2002.01.08"]
[Round "5"]
[White "Boros, Denes"]
[Black "Olah, Zsigmond"]
[Result "1-0"]
[WhiteElo "2240"]
[BlackElo "2200"]
[PlyCount "59"]
[EventDate "2002.01.04"]
[EventType "swiss"]
[EventRounds "9"]
[EventCountry "HUN"]
[SourceTitle "EXT 2004"]
[Source "ChessBase"]
[SourceDate "2003.11.25"]
[SourceVersion "1"]
[SourceVersionDate "2003.11.25"]
[SourceQuality "1"]

1. e4 e5 2. Nf3 Nc6 3. Bb5 a6 4. Ba4 Nf6 5. 0-0 b5 6. Bb3 d6 7. Ng5 Be6 8. Bxe6 fxe6 9. Nxe6 Qd7 10. Nxf8 Rxf8 11. d3 0-0-0 12. Bg5 h6 13. Bxf6 Rxf6 14. Nc3 Rdf8 15. a4 b4 16. Nd5 Rg6 17. Kh1 Rg5 18. c3 bxc3 19. bxc3 Ne7 20. Ne3 Ng6 21. f3 Nf4 22. Ra2 Rf6 23. Rb2 Qc6 24. Qb3 Ne6 25. Nd5 Kd7 26. Nxf6+ gxf6 27. d4 exd4 28. cxd4 Qb6 29. Qxb6 cxb6 30. d5 1-0

[Event "Tapolca Evadnyito op"]
[Site "Budapest"]
[Date "2002.01.05"]
[Round "2"]
[White "Mamuzsics, Istvan"]
[Black "Olah, Zsigmond"]
[Result "0-1"]
[WhiteElo "2061"]
[BlackElo "2200"]
[PlyCount "52"]
[EventDate "2002.01.04"]
[EventType "swiss"]
[EventRounds "9"]
[EventCountry "HUN"]
[SourceTitle "EXT 2004"]
[Source "ChessBase"]
[SourceDate "2003.11.25"]
[SourceVersion "1"]
[SourceVersionDate "2003.11.25"]
[SourceQuality "1"]

1. d4 Nf6 2. c4 e6 3. Nf3 d5 4. Nc3 Bb4 5. cxd5 exd5 6. a3 Bd6 7. Bg5 c6 8. e3 h6 9. Bh4 Bg4 10. Be2 Nbd7 11. 0-0 Bf5 12. Bd3 Bg4 13. h3 Be6 14. Qc2 g5 15. Bg3 Bxg3 16. fxg3 Qc7 17. g4 h5 18. Nxg5 hxg4 19. Nxe6 fxe6 20. Bg6+ Ke7 21. e4 Rag8 22. e5 gxh3 23. g3 Rh6 24. Bd3 Rxg3+ 25. Kh1 Rg2 26. Rf2 Ne4 0-1

[Event "HUN-chT2 9394"]
[Site "Hungary"]
[Date "1994.??.??"]
[Round "?"]
[White "Olah, Zsigmond"]
[Black "Racz, Zoltan"]
[Result "0-1"]
[WhiteElo "2240"]
[BlackElo "2260"]
[PlyCount "78"]
[EventDate "1993.??.??"]
[EventType "team"]
[EventRounds "13"]
[EventCountry "HUN"]
[SourceTitle "TD"]
[Source "ChessBase"]
[SourceDate "1994.03.01"]
[SourceVersion "1"]
[SourceVersionDate "1994.03.01"]
[SourceQuality "1"]

1. Nf3 Nf6 2. d4 g6 3. Bg5 Bg7 4. e3 d6 5. Bd3 0-0 6. c3 c5 7. Nbd2 Nc6 8. 0-0 b6 9. d5 Ne5 10. Nxe5 dxe5 11. e4 Ne8 12. Qc2 Qc7 13. a4 Nd6 14. f4 c4 15. Be2 exf4 16. Bxf4 e5 17. dxe6 Bxe6 18. Rad1 Rfd8 19. Kh1 Rac8 20. Nf3 Qc6 21. Ng5 Nb7 22. Nxe6 Qxe6 23. h3 Rxd1 24. Bxd1 Re8 25. Bg4 Qxe4 26. Qf2 Kh8 27. Bg5 Nc5 28. Bf6 Qd5 29. a5 Ne4 30. Bxg7+ Kxg7 31. Qf3 f5 32. Rd1 fxg4 33. Rxd5 gxf3 34. gxf3 Nf6 35. Rd6 bxa5 36. Rc6 Re2 37. Rxc4 Rxb2 38. Rc7+ Kh6 39. Rxa7 Kg5 0-1

[Event "HUN-chT2 9394"]
[Site "Hungary"]
[Date "1994.??.??"]
[Round "?"]
[White "Ruck, Tamas"]
[Black "Olah, Zsigmond"]
[Result "1-0"]
[WhiteElo "2320"]
[BlackElo "2240"]
[PlyCount "100"]
[EventDate "1993.??.??"]
[EventType "team"]
[EventRounds "13"]
[EventCountry "HUN"]
[SourceTitle "TD"]
[Source "ChessBase"]
[SourceDate "1994.03.01"]
[SourceVersion "1"]
[SourceVersionDate "1994.03.01"]
[SourceQuality "1"]

1. e4 g6 2. d4 Bg7 3. Nf3 d6 4. Be2 Nf6 5. Nc3 0-0 6. 0-0 c6 7. Re1 Nbd7 8. e5 Nd5 9. exd6 exd6 10. Nxd5 cxd5 11. c3 Nf6 12. Bg5 Qb6 13. Bxf6 Bxf6 14. Qb3 Qxb3 15. axb3 a6 16. Nd2 Bd7 17. Nf1 Rfe8 18. Ne3 Bc6 19. Bf3 Bg5 20. Nxd5 Rxe1+ 21. Rxe1 Re8 22. Rxe8+ Bxe8 23. Nc7 Bd7 24. Bxb7 a5 25. Nd5 Be6 26. Ne3 Bxb3 27. g3 Kf8 28. f4 Bd8 29. Kf2 Ke7 30. Ke2 Ke6 31. c4 a4 32. Bd5+ Ke7 33. Bc6 Ba5 34. Kd3 h5 35. Nd5+ Ke6 36. Nc3 h4 37. g4 h3 38. Bf3 Bd8 39. Bd5+ Ke7 40. Bf3 Ke6 41. Bd1 d5 42. Bxb3 axb3 43. Nxd5 Bh4 44. Ke4 f5+ 45. gxf5+ gxf5+ 46. Kf3 Be1 47. Nc7+ Kd7 48. Na6 Bc3 49. Nc5+ Kc6 50. Nxb3 Bxb2 1-0